「海」がつく駅名 - Statistics

General Stats
  • This quiz has been taken 411 times
    243 since last reset
  • The average score is 18 of 78
Answer Stats
会社 都道府県 駅名 % Correct
JR 神奈川県 海芝浦
76%
私鉄 東京都 青海
67%
私鉄 新潟県 青海
67%
JR 千葉県 海浜幕張
60%
JR 茨城県 東海
52%
JR 和歌山県 海南
50%
JR 長野県 小海
47%
JR 東京都 葛西臨海公園
42%
私鉄 神奈川県 三浦海岸
42%
JR 静岡県 熱海
40%
JR 新潟県 青海川
39%
JR 広島県 海田市
39%
私鉄 東京都 大森海岸
33%
両方 徳島県 阿波海南
32%
JR 千葉県 稲毛海岸
31%
私鉄 神奈川県 海の公園柴口
31%
私鉄 神奈川県 海の公園南口
31%
JR 福岡県 海ノ中道
31%
両方 神奈川県 海老名
31%
私鉄 東京都 お台場海浜公園
27%
JR 長野県 佐久海ノ口
27%
JR 兵庫県 須磨海浜公園
27%
私鉄 神奈川県 東海大学前
27%
私鉄 千葉県 海神
25%
私鉄 徳島県 海部
25%
私鉄 三重県 海山道
25%
JR 愛媛県 浅海
24%
JR 愛知県 大海
24%
私鉄 千葉県 東海神
24%
JR 宮崎県 内海
23%
私鉄 愛知県 内海
23%
JR 大阪府 海老江
23%
私鉄 神奈川県 湘南海岸公園
23%
私鉄 神奈川県 鵠沼海岸
22%
私鉄 神奈川県 馬堀海岸
22%
JR 福岡県 海老津
21%
JR 大分県 浅海井
20%
JR 長野県 海ノ口
20%
JR 長野県 海瀬
20%
JR 宮城県 松島海岸
20%
JR 香川県 海岸寺
18%
私鉄 広島県 海岸通
18%
JR 福島県 磐梯熱海
18%
私鉄 福島県 会津荒海
16%
私鉄 高知県 海の王迎
16%
私鉄 新潟県 えちご押上ひすい海岸
16%
私鉄 静岡県 今井浜海岸
15%
私鉄 静岡県 城ヶ崎海岸
15%
JR 熊本県 東海学園前
15%
JR 山口県 富海
15%
JR 長野県 海尻
14%
JR 千葉県 太海
14%
私鉄 千葉県 海士有木
13%
私鉄 奈良県 忍海
13%
JR 大分県 海崎
13%
JR 広島県 忠海
13%
私鉄 兵庫県 林崎松江海岸
13%
私鉄 千葉県 海鹿島
12%
JR 熊本県 海路
12%
私鉄 千葉県 西海鹿島
12%
私鉄 茨城県 水海道
12%
私鉄 岩手県 浪板海岸
11%
私鉄 茨城県 北水海道
10%
JR 宮崎県 小内海
10%
私鉄 岐阜県 神海
10%
私鉄 愛知県 鳴海
10%
JR 北海道 北海道医療大学
10%
私鉄 岩手県 十府ヶ浦海岸
9%
JR 青森県 種差海岸
8%
私鉄 愛知県 碧海古井
8%
私鉄 熊本県 海浦
7%
私鉄 長崎県 大浦海岸通
7%
JR 福岡県 奥洞海
7%
私鉄 岩手県 白井海岸
7%
私鉄 愛知県 東海通
7%
JR 山形県 南鳥海
7%
私鉄 富山県 海王丸
6%
私鉄 福岡県 関門海峡めかり
3%
No matching quizzes found
Score Distribution
Percent of People with Each Score
Percentile by Number Answered
Your Score History
You have not taken this quiz since the last reset